Tratado de química física

Bibliographic Details
Main Author: Glasstone, Samuel
Format: Section = Libro
Language:Undetermined
Spanish
Published: Madrid Aguilar 1968
Edition:7a.ed.
Subjects:
LEADER 00468nam a2200193Ia 4500
008 240830s9999 xx 000 0 und d
020 |a 84-03-20058-7 
040 |a CEDOC FIQ-RUSB / 541.3 G549 
041 |a spa 
082 |a 541.3 G549 
100 1 |a Glasstone, Samuel 
245 1 0 |a Tratado de química física 
250 |a 7a.ed. 
260 |a Madrid  |b Aguilar  |c 1968 
300 |a 1180 p. :il 
650 7 |a QUIMICA FISICA 
942 |c BK  |2 ddc 
991 |a TEXTO 
999 |c 13058